Statistics for Armes Apex Legends

Click here to take the quiz!

General Stats

  • This quiz has been taken 20 times
  • The average score is 26 of 30

Answer Stats

Type d'armeMunitionsArme% Correct
Fusils d'assautÉnergétiquesHavoc
100%
Fusils d'assautLourdesHemlok
100%
Fusils de précisionSpécialKraber
100%
PistoletsLégèresP2020
100%
Fusils d'assautLégèresR-301
100%
MitraillettesLégèresR-99
100%
Fusils de précisionPrécisionSentinel
100%
MitraillettesÉnergétiquesVolt
100%
PistoletsPrécisionWingman
100%
Armes à longue portéeSpécialBocek
93%
MitraillettesLourdes / LégèresCar
93%
Fusils d'assautLourdesFlatline
93%
MitraillettesLourdesProwler
93%
MitrailleusesLégèresSpitfire
93%
Armes à longue portéeLourdes30-30
86%
Fusils de précisionPrécisionLongbow
86%
MitrailleusesÉnergétiquesL-star
86%
Fusils à pompeFusil à pompeMastiff
86%
Fusils à pompeFusil à pompeMozambique
86%
PistoletsLégèresRE-45
86%
MitrailleusesÉnergétiquesDevotion
79%
Fusils à pompeFusil à pompeEva-8
79%
Fusils de précisionPrécisionFusil à charge
79%
Armes à longue portéeÉnergétiquesFusil Triple
79%
Armes à longue portéeLégèresG7 Scout
79%
Fusils d'assautÉnergétiquesNémésis
79%
Fusils à pompeFusil à pompePeacekeeper
79%
MitraillettesLégèresAlternator
71%
MitrailleusesLourdesRampage
71%
AutreSpécialCouteau
64%

Score Distribution

Percentile by Number Answered

Percent of People with Each Score

Your Score History

You have not taken this quiz